Habitat : (Record no. 12711)

000 -LEADER
fixed length control field 01038cam a2200253 i 4500
003 - CONTROL NUMBER IDENTIFIER
control field OSt
005 - DATE AND TIME OF LATEST TRANSACTION
control field 20240704131341.0
008 - FIXED-LENGTH DATA ELEMENTS--GENERAL INFORMATION
fixed length control field 200521s2020 ne ahbe b 001 0 eng
020 ## - INTERNATIONAL STANDARD BOOK NUMBER
International Standard Book Number 9789462085565
042 ## - AUTHENTICATION CODE
Authentication code pcc
082 ## - DEWEY DECIMAL CLASSIFICATION NUMBER
Classification number 574.5
245 00 - TITLE STATEMENT
Title Habitat :
Remainder of title ecology thinking in architecture /
Statement of responsibility, etc Dirk van den Heuvel, Janno Martens, Víctor Muñoz Sanz (eds.) ; texts, Guus Beumer [and seven others].
246 30 - VARYING FORM OF TITLE
Title proper/short title Ecology thinking in architecture
300 ## - PHYSICAL DESCRIPTION
Extent 175 pages, 1 unnumbered folded leaf of plates :
Other physical details illustrations (chiefly color), facsimiles, maps, plans ;
Dimensions 32 cm
300 ## - PHYSICAL DESCRIPTION
Extent 175 pages, 1 unnumbered folded leaf of plates :
Other physical details illustrations (chiefly color), facsimiles, maps, plans ;
Dimensions 32 cm
504 ## - BIBLIOGRAPHY, ETC. NOTE
Bibliography, etc Includes bibliographical references and index.
650 #0 - SUBJECT ADDED ENTRY--TOPICAL TERM
Topical term or geographic name as entry element Architecture
General subdivision Environmental aspects.
650 #0 - SUBJECT ADDED ENTRY--TOPICAL TERM
Topical term or geographic name as entry element Environmentalism.
650 #0 - SUBJECT ADDED ENTRY--TOPICAL TERM
Topical term or geographic name as entry element Sustainable living.
700 1# - ADDED ENTRY--PERSONAL NAME
Personal name Heuvel, Dirk van den,
Dates associated with a name 1968-
Relator term editor.
700 1# - ADDED ENTRY--PERSONAL NAME
Personal name Martens, Janno,
Relator term editor.
700 1# - ADDED ENTRY--PERSONAL NAME
Personal name Muñoz Sanz, Víctor.
942 ## - ADDED ENTRY ELEMENTS (KOHA)
Source of classification or shelving scheme
Holdings
Withdrawn status Lost status Source of classification or shelving scheme Damaged status Koha normalized classification for sorting Not for loan Permanent location Current location Date acquired Source of acquisition Cost, normal purchase price Full call number Barcode Date last seen Cost, replacement price Price effective from Koha item type
        574_500000000000000   BMS College of Architecture, Design and Planning BMS College of Architecture, Design and Planning 2024-07-19 1 3108.37 574.5 AR-UG3914 2024-07-19 4144.49 2024-07-19 B.PLAN
Copyright © 2025, The Librarian, Library and Information Centre, BMSCA D&P, Bengaluru. All Rights Reserved
web counter

Powered by Koha